1370 1975 1742 1160 1431 1643 1608 1919 1738 1567 1744 1707 1187 1544 1102 1211 1809 1739 1437 1652 1762 1766 1486 1114 1828 1695 1480 1554 1256 1498 1455 1831 1896 1814 1468 1199 1759 1598 1651 1468 1394 1050 1565 1541 1702 1179 1748 1420 1579 1975 1698 1276 1140 1701 1588 1269 1332 1857 1925 1719 1435 1784 1909 1826 1436 1534 1976 1590 1685 1906 1460 1254 1495 1689 1508 1045 1306 1126 1032 1702 1753 1603 1046 1843 1483 1004 1924 1735 1370 1838 1832 1821 1713 1353 1899 1213 1292 1378 1008 BCNSPRNW ULIB Ver.6.0+V

เปลี่ยนเป็นภาษาไทย

Change to English
 แสดงรายละเอียดบรรณานุกรม
  กลับหน้าหลัก

Brief Record : Get Marc (ISO 2709) : E-mail record : QR code < ปิดหน้าต่าง
LEADER : 00000nam 2200000uu 4500
001    13399126820
003     ULIB
008    190314s2561||||th 000 0 tha d
020    ^a9786164553620
060 04 ^aWM30.6^bช224ส
100 0  ^aชลธิชา แก้วอนุชิต
245 10 ^aสุขภาพจิตชุมชน =^bCommunity Mental Health/^cชลธิชา แก้วอนุชิต
246 0  ^aCommunity Mental Health
260    ^aกรุงเทพฯ :^bโอ.เอส.พริ้นติ้ง เฮ้าส์,^c2561
300    ^a128 หน้า ;^c30 ซม.
650  4 ^aสุขภาพจิต
650  4 ^aชุมชน--สุขภาพและอนามัย
945    ^p200^l0^i27629
945    ^p200^l0^i27628
945    ^p200^l0^i27627
945    ^p200^l0^i27368
945    ^p200^l0^i27366
945    ^p200^l0^i27365
945    ^p200^l0^i27367
999    ^aกัณชพร จุลอักษร
รายการนี้ยังไม่มีแท็ก
คุณยังไม่ได้ล็อกอิน คุณสามารถมีกิจกรรมร่วมกับเว็บไซต์ได้ แต่ต้องล็อกอินก่อน ::
  ล็อกอิน

รายการสื่อสารสนเทศ

ลำดับที่ ประเภท เลขเรียก/บาร์โค้ด สถานที่ สถานะ
1. หนังสือสำรอง
หนังสือสำรอง
WM30.6 ช224ส ฉ.1 
  Barcode: 27365
ห้องสมุดวิทยาเขตนครสวรรค์
►หนังสือทั่วไป:l:General Books
บนชั้น
2. วิทยาศาสตร์การแพทย์ และสุขภาพ
วิทยาศาสตร์การแพทย์ และสุขภาพ
WM30.6 ช224ส ฉ.2 
  Barcode: 27366
ห้องสมุดวิทยาเขตนครสวรรค์
►หนังสือทั่วไป:l:General Books
บนชั้น
3. วิทยาศาสตร์การแพทย์ และสุขภาพ
วิทยาศาสตร์การแพทย์ และสุขภาพ
WM30.6 ช224ส ฉ.3 
  Barcode: 27367
ห้องสมุดวิทยาเขตนครสวรรค์
►หนังสือทั่วไป:l:General Books
บนชั้น
4. วิทยาศาสตร์การแพทย์ และสุขภาพ
วิทยาศาสตร์การแพทย์ และสุขภาพ
WM30.6 ช224ส ฉ.4 
  Barcode: 27368
ห้องสมุดวิทยาเขตนครสวรรค์
►หนังสือทั่วไป:l:General Books
บนชั้น
5. วิทยาศาสตร์การแพทย์ และสุขภาพ
วิทยาศาสตร์การแพทย์ และสุขภาพ
WM30.6 ช224ส ฉ.5 
  Barcode: 27627
ห้องสมุดวิทยาเขตนครสวรรค์
►หนังสือทั่วไป:l:General Books
บนชั้น
6. วิทยาศาสตร์การแพทย์ และสุขภาพ
วิทยาศาสตร์การแพทย์ และสุขภาพ
WM30.6 ช224ส ฉ.6 
  Barcode: 27628
ห้องสมุดวิทยาเขตนครสวรรค์
►หนังสือทั่วไป:l:General Books
บนชั้น
7. วิทยาศาสตร์การแพทย์ และสุขภาพ
วิทยาศาสตร์การแพทย์ และสุขภาพ
WM30.6 ช224ส ฉ.7 
  Barcode: 27629
ห้องสมุดวิทยาเขตนครสวรรค์
►หนังสือทั่วไป:l:General Books
บนชั้น

รายการใกล้เคียง
    ผู้แต่ง [ชลธิชา แก้วอนุชิต]

    หัวเรื่อง [สุขภาพจิต]
    หัวเรื่อง [ชุมชน--สุขภาพและอนามัย]

BibComment


ยังไม่เคยถูกคอมเมนท์

คอมเมนท์ทรัพยากรรายการนี้
  คอมเมนท์: สุขภาพจิตชุมชน ..


 Copyright 2026. Bcnsprnw @Library